| 000 | 00554nam a2200205 a 4500 | ||
|---|---|---|---|
| 001 | 86090 | ||
| 003 | BD-RjUL | ||
| 005 | 20260112123631.0 | ||
| 008 | 260112s1896 enk||||| |||| 00| 0 eng d | ||
| 035 | _a(BD-RjUL)86090 | ||
| 040 |
_aBD-RjUL _beng _cBD-RjUL |
||
| 041 | _aeng | ||
| 082 |
_223 _a843.7 _bBAH 1896 |
||
| 100 | _aBalzac, Honoré de | ||
| 245 |
_aHistory of the thirteen / _cHonoré de Balzac |
||
| 260 |
_aLondon : _bCaxton Publishing Company, _c1896 |
||
| 300 |
_a422 p. : _bill.; _c21 cm. |
||
| 650 | _aFrench fiction | ||
| 942 |
_2ddc _cBK |
||
| 999 |
_c86090 _d86090 |
||